Pays membre de l'OTAN - Statistiques

Statistiques générales
  • Ce quiz a été pris 40 fois
  • Le résultat moyen est 30 sur 32
Réponses sur la Carte
Les réponses sont colorées sur une échelle allant du rouge au vert en fonction du pourcentage des utilisateurs qui les ont devinées à leur premier essai. Vous pouvez retrouver ces pourcentages ci-dessous.
 
Statistiques - réponses
Pays % Correct
États-Unis
100%
France
100%
Royaume-Uni
100%
Suède
100%
Allemagne
97%
Canada
97%
Croatie
97%
Espagne
97%
Finlande
97%
Grèce
97%
Italie
97%
Pays-Bas
97%
Portugal
97%
Danemark
94%
Norvège
94%
Pologne
94%
Roumanie
94%
Slovaquie
94%
Belgique
92%
Bulgarie
92%
Lettonie
92%
Lituanie
92%
Turquie
92%
Hongrie
89%
Islande
89%
Luxembourg
89%
République tchèque
89%
Slovénie
89%
Albanie
83%
Estonie
83%
Macédoine du Nord
72%
Monténégro
69%
Aucun quiz correspondant
Distribution des résultats
% des personnes avec chaque résultat
Percentile par nombre de réponses
Votre historique - résultats
Vous n’avez pas pris ce quiz